000 00715nam a2200217Ia 4500
003 OSt
005 20230617114920.0
008 210423s2011 xx 000 0 und d
020 _a9780070588837
040 _cAL
041 _aeng
082 _a515.2433 SPIM
_223
100 _aSPIEGEL (Murray R).
_997928
245 _aSchaums outlines of theory and problems of fourier analysis: with applications to boundary value problems.
260 _aNew Delhi
_bTata McGraw-hill
_c2011
300 _a191
_bPB
365 _b325
_cINR
650 _aMathematical Analysis
_997929
906 _aanalysis: ; applications ; boundary ; fourier ; outlines ; problems ; problems. ; Schaums ; theory ; value
942 _2ddc
_cBK
999 _c162094
_d162094